000
00211 a2200097 4500
001
43947
100
_a
K Khalid Ahmed
245
_a
Heritage of Islam
260
_a
Lahore
_b
Feroze Sons
_c
090
_c
27687
_d
27687
942
_a
NUST-CAE
_c
M
_c
19654
999
_c
279020
_d
279020